000 01170nam a2200397 a 4500
003 AR-BaBNM
005 20251128204201.0
008 082120s2002 ||||||||||||||000 | spa||
020 _a84-206-6698-X
040 _cAR-BaBNM
100 1 _aIgoa, José Manuel
245 0 0 _aLectura de psicolinguística
_bNeuropsicología cognitiva del lenguaje
260 _aMadrid
_bAlianza Editorial
_c1990
300 _a239 p.
_bgráfs.
490 0 _aAlianza Psicología
_vv. 34
504 _aContiene bibliografía
650 4 _aEDUCACION ESPECIAL
650 4 _aPSICOLINGUISTICA
650 4 _aDESARROLLO DEL LENGUAJE
650 4 _aTRASTORNOS DEL HABLA
650 4 _aGRAMATICA ESTRUCTURAL
650 4 _aDISLEXIA
650 4 _aFONOLOGIA
650 4 _aTRASTORNOS DEL HABLA
650 4 _aPSICOPATOLOGIA
650 4 _aDESARROLLO MENTAL
650 4 _aDIFICULTAD EN LA LECTURA
650 4 _aDIFICULTADES EN EL APRENDIZAJE
653 _aTRASTORNOS DEL LENGUAJE
653 _aPSICOPEDAGOGIA
700 1 _aValle, Francisco
_ecompilador
700 1 _aCuetos Vega, Fernando
_ecompilador
700 1 _aDel Viso, Susana
_ecompilador
942 _cBK
998 _cGrace
999 _c6514
_d6514